00886nam a2200265Ia 4500003000900000008004100009020001800050040001600068080002400084100002800108111003000136245010100166260003800267300001500305650002000320650004100340650001600381650001200397650002600409700002700435700002500462942000700487999001500494952011100509IN-BaIIA211028s9999 xx 000 0 eng d a91-506-0492-9 cIIA Library a523.44(063)bAST-II aLagerkvist, C. I915087 aMPA/LPARL Workshop915088 0aAsteriods comets meteors IIcC. I. Lagerkvist..[et.al]  aUppsalabUppsala Universityc1986 axiv, 620p. aAsteroids94064 aAstronomy and astrophysics thesaurus aComets9755 aMeteors aPlanetary system9756 aLindblad, B. A.915089 aLundstedt, H.915090 cBK c8979d8979 00104070aBANbBANcGENd1987-02-17l0o523.44(063)/ AST-IIp9866r2021-11-05w1987-02-17yBKGSK 400.00